The Story Of Indira (Record no. 1226077)

MARC details
000 -LEADER
fixed length control field 00501nam a2200193Ia 4500
008 - FIXED-LENGTH DATA ELEMENTS--GENERAL INFORMATION
fixed length control field 151121s9999||||xx |||||||||||||| ||und||
082 ## - DEWEY DECIMAL CLASSIFICATION NUMBER
Classification number 920/MAN
082 ## - DEWEY DECIMAL CLASSIFICATION NUMBER
Item number HNW-32579
100 ## - MAIN ENTRY--PERSONAL NAME
Personal name Masani Shakukntala
245 #4 - TITLE STATEMENT
Title The Story Of Indira
260 ## - PUBLICATION, DISTRIBUTION, ETC. (IMPRINT)
Name of publisher, distributor, etc "Vikas Pub। House Pvt। Ltd।, N। Delhi।"
260 ## - PUBLICATION, DISTRIBUTION, ETC. (IMPRINT)
Date of publication, distribution, etc --
300 ## - PHYSICAL DESCRIPTION
Extent 164
600 ## - SUBJECT ADDED ENTRY--PERSONAL NAME
Personal name Masani Shakukntala
630 ## - SUBJECT ADDED ENTRY--UNIFORM TITLE
Uniform title The Story Of Indira
700 ## - ADDED ENTRY--PERSONAL NAME
Personal name Masani Shakukntala
730 ## - ADDED ENTRY--UNIFORM TITLE
Uniform title The Story Of Indira
942 ## - ADDED ENTRY ELEMENTS (KOHA)
Koha item type Book
Holdings
Withdrawn status Lost status Damaged status Not for loan Home library Current library Date acquired Total Checkouts Full call number Barcode Date last seen Price effective from Koha item type
        Hirachand Nemchand Wachanalaya, Solapur Hirachand Nemchand Wachanalaya, Solapur 11/21/2015   HNW-32579 HNW-32579 11/21/2015 11/21/2015 Book